Royal Consorts of The Netherlands - Statistics

General Stats
  • This quiz has been taken 26 times
  • The average score is 4 of 8
Answer Stats
Spouse Consort % Correct
King Willem-Alexander Queen Máxima Zorreguieta-Cerruti
95%
Queen Beatrix Prince Klaus of Amsberg
71%
Queen Juliana Prince Bernhard of Lippe-Biesterfeld
57%
King William II Queen Anna Pavlovna of Russia
52%
King William III Queen Emma of Waldeck and Pyrmont
52%
Queen Wilhelmina Duke Henry of Mecklenburg-Schwerin
38%
King William III Queen Sophie of Württemberg
33%
King William I Queen Wilhelmine of Prussia
19%
No matching quizzes found
Score Distribution
Percent of People with Each Score
Percentile by Number Answered
Your Score History
You have not taken this quiz